000 00806nam a22002771 4500
001 4059686
003 NUST - PNEC
005 20170116181125.0
008 731023s1965 njub b 000 0 eng
010 _a 65020603
040 _aDLC
_cLIBRARY
_dDLC
043 _aa-ii---
050 0 0 _aDS436
_b.W65
082 0 0 _a954 WOL
100 1 _aWolpert, Stanley A.,
_d1927-
245 1 0 _aIndia
_c[by] Stanley Wolpert.
260 _aEnglewood Cliffs, N.J.,
_bPrentice-Hall
_c[1965]
300 _ax, 178 p.
_bmaps.
_c21 cm.
490 0 _aThe Modern nations in historical perspective, S-613
490 0 _aA Spectrum book.
504 _a"Suggested readings": p. 165-170.
650 _xGeneral book
651 0 _aIndia
_xHistory.
906 _a7
_bcbc
_corignew
_du
_eocip
_f19
_gy-gencatlg
942 _2ddc
_cBK
999 _c69731
_d69731